| 000 | 00689cam a22002294i 4500 | ||
|---|---|---|---|
| 999 |
_c115408 _d115408 |
||
| 001 | 19582399 | ||
| 005 | 20200113094851.0 | ||
| 008 | 170403s2017 nyu 000 0 eng | ||
| 020 | _a9780804190114 (trade pbk.) | ||
| 040 | _cPK-LaUMT | ||
| 082 | 0 | 0 |
_a321.9 _223 _bSNY-T |
| 100 | 1 | _aSnyder, Timothy | |
| 245 | 1 | 0 |
_aOn tyranny : _btwenty lessons from the twentieth century / _cby Timothy Snyder |
| 260 |
_aNew York : _bTIM Duggan Books, _c2017 |
||
| 300 |
_a126 p. ; _c16 cm |
||
| 650 | 0 | _aDespotism. | |
| 650 | 0 |
_aHistory, Modern _y20th century. |
|
| 650 | 0 | _aPolitical ethics. | |
| 650 | 0 |
_aDemocracy _zUnited States. |
|
| 650 | 0 |
_aPolitical culture _zUnited States. |
|
| 942 | _cBK | ||